แสดงรายละเอียดบรรณานุกรม
  กลับหน้าหลัก

Brief Record : Get Marc (ISO 2709) : E-mail record : QR code ปิดหน้าต่าง
E-books : เกี่ยวกับ Collections
LEADER 00000nama 2200000uu 4500
001    193771
003     ULIBM
008    040531s|||| th m m a000 0 tha d
020    9741334532
041    tha
050    WI141 ร111 ล.2 2548
100    สุเทพ กลชาญวิทย์, บรรณาธิการ.
245    โรคทางเดินอาหารและการรักษา 2/บรรณาธิการโดย สุเทพ กลชาญวิทย์ และคณะ.
260    2548. กรุงเทพฯ โรงพิมพ์แห่งจุฬาลงกรณ์มหาวิทยาลัย.
300    267 หน้า.
600    จุฬาลงกรณ์มหาวิทยาลัย, คณะแพทยศาสตร์.
650    1.โรคทางเดินอาหาร 2.ระบบกระเพราะอาหารและลำไส้--โรค 3.กระเพาะอาการและลำไส้,โรค--การรักษา.
995    001
รายการนี้ยังไม่มีแท็ก
คุณยังไม่ได้ล็อกอิน คุณสามารถมีกิจกรรมร่วมกับเว็บไซต์ได้ แต่ต้องล็อกอินก่อน ::
  ล็อกอิน
ลำดับที่ ประเภท เลขเรียก สถานที่ สถานะ
1. หนังสือทั่วไป
หนังสือทั่วไป
WI141 ร111 ล.2 2548  
  
หนังสือทั่วไป On Shelf
  ขอยืม
2. หนังสือทั่วไป
หนังสือทั่วไป
สถานะ=หนังสือเก่า - บริการ ณ ห้องสมุด (ห้องเหลือง)
WI141 ร111 ล.2 2548 ฉ.2 
  
ห้องสมุด หอพักนักศึกษา (ห้องเหลือง) On Shelf
  ขอยืม
3. หนังสือทั่วไป
หนังสือทั่วไป
สถานะ=หนังสือเก่า - บริการ ณ ห้องสมุด (ห้องเหลือง)
WI141 ร111 ล.2 2548 ฉ.3 
  
ห้องสมุด หอพักนักศึกษา (ห้องเหลือง) On Shelf
  ขอยืม
4. หนังสือทั่วไป
หนังสือทั่วไป
WI141 ร111 ล.2 2548 ฉ.4 
  
หนังสือทั่วไป On Shelf
  ขอยืม
5. หนังสือทั่วไป
หนังสือทั่วไป
WI141 ร111 ล.2 2548 ฉ.5 
  
หนังสือทั่วไป On Shelf
  ขอยืม
   [แสดง 5/5 รายการ]

BibComment


ยังไม่เคยถูกคอมเมนท์

คอมเมนท์ทรัพยากรรายการนี้
  คอมเมนท์: โรคทางเดินอาหารแล..
Bib 193771

 
 
 

 Union Library Management : ULibM
Copyright 2026. All Rights Reserved.
скачать бесплатно без регистрации порно красивый секс HD Sex Hindi sex

xxx gou

xxxx

bfxxx

xxxwww

Секса Видео

xxxx

Секса Видео

detube

geilexxx

C99 Shell

worms shell

blod xxx video
Ebony Coed Rihanna Rimes Takes A Dick In Her Young Twat priyaa indian fuck anal and pusssy hardcore indian women xxx desi hardcore fucking part 1 bengalixxxcouple